=LDR 00000nam 2200000 4500 =001 INLIS000000000047252 =005 20150922110756.0 =006 =007 =008 =020 ##$$a 978-979-29-3386-4 =035 ##$$0010-091500000000082 =040 ##$$a Ind =082 ##$$a 649.1 =090 ##$$a 649.1 $b Agu =100 ##$$a Agung =245 ##$$a Permainan Kreatif =250 ##$$a ed. I =260 ##$$a Yogyakarta $b Andi $c 2012 =300 ##$$a xiv, 138 hlmn $b 21 cm =850 ##$$a NBPDMAT =990 ##$$a 0001/BPAP-NTB/2015